000 00371nam a22001457a 4500
020 _a9789350145944
082 _a004.6 SHA
100 _aSharma Sanjay Dr
245 _aData and computer communication
260 _aNew Delhi India
_bS.K.Kataria & Sons
_c2015
300 _a609
_bP.B
650 _aData communication
700 _aDr Sanjay Sharma
942 _cBK
999 _c490566
_d490566